Les prénoms qui ont un sens initiale O - Statistiques

Statistiques générales
  • Ce quiz a été pris 59 fois
  • Le résultat moyen est 5 sur 20
Statistiques - réponses
Sens Sexe Prénom Célébrité ou Personnage % Correct
Arbre M Olivier Minne
94%
Celle qui aide F Ophélie Winter
80%
Lance divine M Oscar Wilde
76%
Riche et célèbre M Omar Sharif
73%
Richesse F Odile Vuillemin
53%
Huitième M Octave Mirbeau
51%
Patrimoine F Odette Joyeux
41%
Gardien du trésor M Omer Talon
27%
De la mer F Ondine Valmore
18%
Or F Oriane Bonduel
16%
Secourable M Onésime Reclus
6%
Accueillante F Oksana Baiul
4%
Courroucée F Odyssée -
2%
Chance M Oleg Kotov
2%
Terreur M Owen Chamberlain
2%
Barde M Ozan -
2%
Richesse M Odon Colonna
0%
Visage d'or F Orégane -
0%
Petite ourse F Orsola Ferrari
0%
Sauvez-nous F Osanna de Mantoue
0%
Aucun quiz correspondant
Distribution des résultats
% des personnes avec chaque résultat
Percentile par nombre de réponses
Votre historique - résultats
Vous n’avez pas pris ce quiz